Stati del Forum delle isole del Pacifico - Statistics

Statistiche generali
  • Questo quiz è stato fatto 22 volte
  • Il punteggio medio è 15 su 18
Statistiche sulle risposte
Nazione % Corretto
Figi
100%
Isole Salomone
100%
Isole Marshall
95%
Papua Nuova Guinea
95%
Samoa
95%
Stati Federati di Micronesia
95%
Australia
89%
Nauru
89%
Nuova Zelanda
89%
Tuvalu
89%
Kiribati
84%
Palau
84%
Tonga
84%
Vanuatu
84%
Polinesia Francese
58%
Isole Cook
47%
Nuova Caledonia
47%
Niue
37%
Nessun quiz corrispondente trovato
Distribuzione punteggi
Percentuale di utenti per punteggio
Percentile per numero di risposta
I tuoi punteggi nel tempo
Non hai fatto questo quiz